| 000 | 00652nam a2200241Ia 4500 | ||
|---|---|---|---|
| 003 | OSt | ||
| 005 | 20220918201229.0 | ||
| 006 | a|||||r|||| 00| 0 | ||
| 007 | ta | ||
| 008 | 220917b |||||||| |||| 00| 0 eng d | ||
| 024 | _a92,526 | ||
| 037 | _cTextual | ||
| 040 |
_aARTS _cARTS _beng |
||
| 041 |
_2eng _aeng |
||
| 082 | _aV1N, J4 | ||
| 100 |
_amangione Gerard J _997591 |
||
| 245 | 0 | _aShort history of international organization | |
| 260 | _c1954 | ||
| 490 | _aMcgraw Hill series in political science ed by Joseph P Harris; 14 | ||
| 650 | _aHISTORY | ||
| 942 |
_hV1N, J4 _cTEXL _2CC |
||
| 999 |
_c216177 _d216177 |
||